Statystyki dla Wpisz wszystkie kontynenty na świecie na podstawie map.

Kliknij tutaj aby rozwiązać quiz!

Ogólne statystyki

  • Ten quiz został rozwiązany 334 razy
  • Średni wynik to 6 z 7

Statystyki odpowiedzi

Odpowiedź% Poprawnych
Azja
95%
Europa
95%
Afryka
92%
Ameryka Północna
91%
Ameryka Południowa
88%
Antarktyda
51%
Australia i Oceania
38%

Rozkład punktacji

Percentyl według liczby udzielonych odpowiedzi

Procent ludzi z każdym wynikiem

Twoja historia wyników

Nie rozwiązałeś tego quizu